| 000 | 01434nam0a22003251 4500 | ||
|---|---|---|---|
| 001 | rc\3483697 | ||
| 005 | 20260408083815.0 | ||
| 021 |
_aRU _b74-69586 |
||
| 021 |
_aRU _bРг10183-74 |
||
| 035 | _a(NLR Aleph) 007603317 | ||
| 090 |
_a5738093 _c5738093 |
||
| 100 | _a20130115d1974 |||y0rusy50 ca | ||
| 101 | 0 | _arus | |
| 102 | _aRU | ||
| 105 | _aa z ||||| | ||
| 200 | 1 | _aО механизме взаимодействия минералов глиноземистого цемента с водой | |
| 210 |
_aМосква _cБ. и. _d1974 |
||
| 215 |
_a9 с. _cил. _d21 |
||
| 225 | 1 |
_aVI Международный конгресс по химии цемента. Москва, сентябрь, 1974 г. Дополнительные доклады _vРазд. Ш. Ш-4 |
|
| 300 | _aПеред загл. авт.: В.М. Никущенко, П.Ф. Румянцев, канд. техн. наук, В.С. Хотимченко, канд. хим. наук | ||
| 320 | _aБиблиогр.: с. 8-9 | ||
| 700 | 1 |
_aНикущенко _bВ.М. _gВладимир Михайлович |
|
| 701 | 1 |
_aРумянцев _bП.Ф. |
|
| 701 | 1 |
_aХотимченко _bВ.С. |
|
| 712 | 1 | 2 |
_aМеждународный конгресс по химии цемента _d6 _f1974 _eМосква _3RU\NLR\AUTH\8810172805 _9841453 |
| 801 | 0 |
_aRU _bNLR _gpsbo |
|
| 801 | 1 |
_aRU _bELAR _2rusmarc |
|
| 852 |
_aNLR _j74-4/16647 |
||
| 942 | _cBOOK | ||
| 980 | _aNB | ||